Countries Starting with 'D' - Statistics

General Stats
  • This quiz has been taken 205 times
  • The average score is 5 of 5
Answer Stats
Continent Country % Correct
Europe Denmark
98%
North America Dominican Republic
94%
Africa Djibouti
93%
North America Dominica
92%
Africa Democratic Republic of the Congo
81%
No matching quizzes found
Score Distribution
Percent of People with Each Score
Percentile by Number Answered
Your Score History
You have not taken this quiz